000 00311nam a22001457a 4500
008 221104b ||||| |||| 00| 0 eng d
020 _a7392113
041 _aeng
080 _a521
082 _a521 McC
100 _a19.1
101 _aASTRO
245 _aNUCLEAR REACTIONS
_cMcCARTHY I.E
942 _2udc
_cBK
999 _c58734
_d58734